<?xml version="1.0" encoding="UTF-8"?>
<record
    xmlns:xsi="http://www.w3.org/2001/XMLSchema-instance"
    xsi:schemaLocation="http://www.loc.gov/MARC21/slim http://www.loc.gov/standards/marcxml/schema/MARC21slim.xsd"
    xmlns="http://www.loc.gov/MARC21/slim">

  <leader>02609nam a2200325 a 4500</leader>
  <controlfield tag="001">BRCA_5194</controlfield>
  <controlfield tag="005">20190320204958.0</controlfield>
  <controlfield tag="008">251110s1798----mx-######v---#000-0#spa-#</controlfield>
  <datafield tag="041" ind1=" " ind2=" ">
    <subfield code="a">spa</subfield>
  </datafield>
  <datafield tag="044" ind1=" " ind2=" ">
    <subfield code="a">mx</subfield>
  </datafield>
  <datafield tag="084" ind1=" " ind2=" ">
    <subfield code="a">DOC119D</subfield>
    <subfield code="b">.C68</subfield>
    <subfield code="c">1798</subfield>
  </datafield>
  <datafield tag="100" ind1="1" ind2=" ">
    <subfield code="a">Covian de los R&#xED;os, Jos&#xE9;</subfield>
    <subfield code="9">13299</subfield>
  </datafield>
  <datafield tag="245" ind1="1" ind2="0">
    <subfield code="a">Documento firmado por Don Jos&#xE9; Covian de los R&#xED;os y Bruno Francisco Larra&#xF1;aga</subfield>
    <subfield code="c">Jos&#xE9; Covian de los R&#xED;os ; Bruno Francisco Larra&#xF1;aga.</subfield>
  </datafield>
  <datafield tag="260" ind1=" " ind2=" ">
    <subfield code="a">M&#xE9;xico</subfield>
    <subfield code="c">1798</subfield>
  </datafield>
  <datafield tag="300" ind1=" " ind2=" ">
    <subfield code="a">[43] fojas</subfield>
    <subfield code="c">29 x 20 cm.</subfield>
  </datafield>
  <datafield tag="500" ind1=" " ind2=" ">
    <subfield code="a">Documento redactado entre el 1 de enero hasta el 28 de febrero de 1798.</subfield>
  </datafield>
  <datafield tag="500" ind1=" " ind2=" ">
    <subfield code="a">Libro #16. Data de los caudales de los Propios, Rentas de Sisa, Posito y dem&#xE1;s de la Nueva Espa&#xF1;a de M&#xE9;xico del Cargo de Don Jos&#xE9; Covian de los R&#xED;os, Mayordomo Depositario, desde el 1 de enero hasta 28 de febrero de 1798 y desde el 1 de marzo del mismo a&#xF1;o por Don Bruno Francisco Larra&#xF1;aga.</subfield>
  </datafield>
  <datafield tag="500" ind1=" " ind2=" ">
    <subfield code="a">Legajo 1: Data de alcances de a&#xF1;os anteriores. -- Legajo 2: Data de lo pagado de salarios del ramo de propios. A&#xF1;o de 1798. -- Legajo 3: Data de lo pagado de r&#xE9;ditos de los principales que reconocen la Nueva Espa&#xF1;a del ramo de propios. A&#xF1;o de 1798. -- Legajo 4: Data de lo gastado en fiestas de Santos Patronos de la Nueva Espa&#xF1;a. A&#xF1;o de 1798. -- Legajo 5: Data de los gastos judiciales en negocios de la Nueva Espa&#xF1;a. A&#xF1;o de 1798. -- Legajo 6: Data de lo gastado en obras de fincas. 1789. -- Legajo 7: Data de lo erogado en gastos ordinarios. 1798. -- Legajo 8: Data de los gastos erogados en el Ramo del Fiel Contraste de Pesas y Medidas de la ciudad y el campo. -- Legajo 9: Data de los gastos erogados en la atenci&#xF3;n de los mercados  y de las plazuelas propias de la Nueva Espa&#xF1;a. A&#xF1;o de 1798. -- Legajo 10: Data de los gastos erogados en la atenci&#xF3;n  del mercado principal de la plaza del Volador. 1798. -- Legajo 11: Data de los gastos erogados en la atenci&#xF3;n del mercado de la Plazuela de Jes&#xFA;s Nazareno.</subfield>
  </datafield>
  <datafield tag="500" ind1=" " ind2=" ">
    <subfield code="a">El documento contiene la leyenda DOC. #287.</subfield>
  </datafield>
  <datafield tag="500" ind1=" " ind2=" ">
    <subfield code="a">El papel tiene una pigmentaci&#xF3;n azul.</subfield>
  </datafield>
  <datafield tag="500" ind1=" " ind2=" ">
    <subfield code="a">Estado de conservaci&#xF3;n: el documento contiene manchas por acidez de la tinta.</subfield>
  </datafield>
  <datafield tag="506" ind1="0" ind2=" ">
    <subfield code="a">Fondo Reservado. Para su consulta es necesario credencial de usuario y carta de motivos.</subfield>
  </datafield>
  <datafield tag="546" ind1=" " ind2=" ">
    <subfield code="a">Texto en: Espa&#xF1;ol de finales del siglo XVIII.</subfield>
  </datafield>
  <datafield tag="600" ind1="1" ind2="4">
    <subfield code="a">Covian de los R&#xED;os, Jos&#xE9;</subfield>
    <subfield code="x">Fuentes</subfield>
    <subfield code="9">13300</subfield>
  </datafield>
  <datafield tag="650" ind1="1" ind2="4">
    <subfield code="a">Documentos legales</subfield>
    <subfield code="v">Manuscritos</subfield>
    <subfield code="x">Historia</subfield>
    <subfield code="9">12814</subfield>
  </datafield>
  <datafield tag="651" ind1=" " ind2="4">
    <subfield code="a">M&#xE9;xico</subfield>
    <subfield code="x">Historia</subfield>
    <subfield code="y">Colonia, 1521-1821</subfield>
    <subfield code="9">12461</subfield>
  </datafield>
  <datafield tag="700" ind1="1" ind2=" ">
    <subfield code="a">Larra&#xF1;aga, Bruno Francisco</subfield>
    <subfield code="9">13301</subfield>
  </datafield>
  <datafield tag="902" ind1=" " ind2=" ">
    <subfield code="a">FDH</subfield>
  </datafield>
  <datafield tag="942" ind1=" " ind2=" ">
    <subfield code="2">lcc</subfield>
    <subfield code="c">D</subfield>
  </datafield>
  <datafield tag="999" ind1=" " ind2=" ">
    <subfield code="c">4888</subfield>
    <subfield code="d">4888</subfield>
  </datafield>
  <datafield tag="952" ind1=" " ind2=" ">
    <subfield code="0">0</subfield>
    <subfield code="1">0</subfield>
    <subfield code="4">0</subfield>
    <subfield code="7">0</subfield>
    <subfield code="a">BRCA</subfield>
    <subfield code="b">BRCA</subfield>
    <subfield code="d">2010-11-25</subfield>
    <subfield code="l">0</subfield>
    <subfield code="o">DOC119D .C68 1798</subfield>
    <subfield code="p">5629</subfield>
    <subfield code="r">2019-03-22 00:00:00</subfield>
    <subfield code="w">2019-03-22</subfield>
    <subfield code="y">D</subfield>
  </datafield>
</record>
